Estadísticas para Nombra las 16 aerolíneas en Europa 2023

Haz click aquí para intentar la prueba.

Estadísticas generales

  • Esta prueba ha sido intentada 49 veces
  • La puntuación promedio es 7 de 16

Estadísticas de respuestas

Respuesta% Correcto
Iberia
98%
Ryanair
74%
Lufthansa
67%
Air France
62%
Vueling
62%
British Airways
52%
KLM
52%
TAP
43%
EasyJet
38%
Norwegian
29%
Wizz Air
29%
Alitalia
26%
Eurowings
17%
Aegean Airlines
12%
Austrian Airlines
12%
Brussels Airlines
12%

Distribución de puntuación

Porcentaje por número respondido

Porcentaje de gente con cada puntuación

Historial de tus puntuaciones

No has intentado esta prueba.